Supply and demand relationships in the world natural rubber market /
Saved in:
| Main Author: | |
|---|---|
| Format: | Thesis Book |
| Language: | English |
| Published: |
1984.
|
| Subjects: | |
| Tags: |
Add Tag
No Tags, Be the first to tag this record!
|
| LEADER | 01114nam a2200313 i 4500 | ||
|---|---|---|---|
| 001 | u467832 | ||
| 003 | SIRSI | ||
| 008 | 901128s1984 enka m 100 0 eng | ||
| 035 | |a ACL-9911 | ||
| 040 | |a UMM |e rda | ||
| 090 | |a HB241 |b Mohha | ||
| 100 | 0 | |a Mohammad Haji Alias, |e author. | |
| 245 | 1 | 0 | |a Supply and demand relationships in the world natural rubber market / |c Mohammad Haji Alias. |
| 264 | 1 | |c 1984. | |
| 264 | 4 | |c 1984. | |
| 300 | |a vi, 200 leaves : |b illustrations ; |c 30 cm. | ||
| 336 | |a text |2 rdacontent | ||
| 337 | |a unmediated |2 rdamedia | ||
| 338 | |a volume |2 rdacarrier | ||
| 502 | |b Ph.D. |c Department of Economics, Faculty of Social Sciences, University of Southampton |d 1984. | ||
| 504 | |a Bibliography: leaves 190-200. | ||
| 650 | 0 | |a Rubber industry and trade. | |
| 650 | 0 | |a Production functions (Economic theory) | |
| 650 | 0 | |a Demand functions (Economic theory) | |
| 650 | 0 | |a Economics |x Mathematical models. | |
| 710 | 2 | |a University of Southampton, |e degree granting institution. | |
| 596 | |a 1 | ||
| 900 | |a NSM | ||
| 999 | |a HB241 MOHHA |w LC |c 1 |i A513059595 |l STACKS |m P01UTAMA |r Y |s Y |t TESIS |u 5/9/2001 |1 AHSS | ||
